Statistiques concernant Pays très peuplés frontaliers avec des pays peu peuplés

Cliquez ici pour prendre le quiz!

Statistiques générales

  • Ce quiz a été pris 16 713 fois
    (15 028 depuis la dernière actualisation)
  • Le résultat moyen est 19 sur 28

Statistiques - réponses

Pays% Correct
France
96%
Chine
94%
Espagne
90%
Inde
89%
Andorre
87%
Italie
86%
Monaco
85%
Brésil
84%
Allemagne
82%
Vatican
80%
Luxembourg
77%
Saint-Marin
77%
Suisse
77%
Mongolie
75%
Suriname
71%
Bhoutan
70%
Liechtenstein
70%
Autriche
69%
Guyana
69%
Mexique
60%
Laos
56%
Indonésie
53%
Kirghizistan
49%
Tadjikistan
49%
Belize
45%
Timor oriental
41%
Éthiopie
26%
Djibouti
25%

Distribution des résultats

Percentile par nombre de réponses

% des personnes avec chaque résultat

Votre développement - résultats

Vous n’avez pas pris ce quiz depuis la dernière actualisation